Солдатская слава. [1]: Солдатская слава (Запись № 6795104)

Подробности
000 -МАРКЕР
контрольное поле 00857nam2a22002051 4500
001 - ИДЕНТИФИКАТОР ЗАПИСИ
контрольное поле rc\697905
005 - ИДЕНТИФИКАТОР ВЕРСИИ
контрольное поле 20250621222748.0
035 ## - ДРУГИЕ СИСТЕМНЫЕ НОМЕРА
Идентификатор записи (NLR Aleph) 005954617
100 ## - ДАННЫЕ ОБЩЕЙ ОБРАБОТКИ
Данные общей обработки 20031121d1985 |||y0rusy50 ca
101 0# - ЯЗЫК РЕСУРСА
Язык текста, звукозаписи и т.д. русский
102 ## - СТРАНА ПУБЛИКАЦИИ ИЛИ ПРОИЗВОДСТВА
Страна публикации Российская Федерация
105 ## - ПОЛЕ КОДИРОВАННЫХ ДАННЫХ: ТЕКСТОВЫЕ МАТЕРИАЛЫ, МОНОГРАФИЧЕСКИЕ
Кодированные данные о монографическом текстовом документе y |||||||||
200 1# - ЗАГЛАВИЕ И СВЕДЕНИЯ ОБ ОТВЕТСТВЕННОСТИ
Основное заглавие Солдатская слава
Сведения, относящиеся к заглавию Крат. очерки о подвигах свердловчан - полных кавалеров ордена Славы
Первые сведения об ответственности [Сост. В.М. Демидов]
461 #0 - УРОВЕНЬ НАБОРА
Встроенное поле 001rc\697904
-- 2001#$aСолдатская слава$e2 кн. в футляре$v[1]
Системный номер (АБИС) связанной записи 6795097
Место публикации Свердловск
Дата публикации 1985
Имя издателя, распространителя и т.д. Сред.-Урал. кн. изд-во
Сведения, относящиеся к заглавию 2 кн. в футляре
Заглавие Солдатская слава
Номер тома [1]
801 #0 - ИСТОЧНИК ЗАПИСИ
Страна Российская Федерация
Организация NLR
Правила каталогизации psbo
801 #1 - ИСТОЧНИК ЗАПИСИ
Страна Российская Федерация
Организация ELAR
Источник данных rusmarc
852 ## - МЕСТОНАХОЖДЕНИЕ И ШИФР ХРАНЕНИЯ
Идентификатор организации NLR
Шифр хранения (Call Number) 85-1/162
942 ## - ДОПОЛНИТЕЛЬНЫЕ ЭЛЕМЕНТЫ ЗАПИСИ (АБИС)
Тип экземпляра АБИС Книга
980 ## - КОЛЛЕКЦИЯ
Название коллекции Национальная библиография
Экземпляры
Тип экземпляра Дата поступления Библиотека постоянного хранения Библиотека текущего хранения Место хранения Шифр хранения Штрих-код Статус экземпляра
Книга 26.10.2013 РНБ (Московский) РНБ (Московский) Русский книжный фонд: издания с 1957 года 85-1/162 5954617-10